| 000 | 00972nam a2200253Ia 4500 | ||
|---|---|---|---|
| 003 | Ost | ||
| 005 | 20260507075127.0 | ||
| 008 | 260507s9999||||xx |||||||||||||| ||und|| | ||
| 020 | _a9773161609 | ||
| 040 | _cfsecg | ||
| 041 | _aara | ||
| 082 | _a330 | ||
| 100 |
_aالطويل، مجدي _eمؤلف |
||
| 245 | 0 |
_aمقدمة في علم التحليل المركب / _c مجدي الطويل |
|
| 260 |
_aالقاهرة: _bدار النشر للجامعات, _c2005 |
||
| 300 |
_a266 صفحة؛ _bإيضاحات ؛ _c24 سم |
||
| 520 | _aدوال المتغير المركب- النهايات- الإستمرار- الإشتقاق- تكامل الدوال المركب- نظرية الباقي- تطبيقات في تكامل المحدود- الأعداد المركبة | ||
| 653 | _aالإستمرار | ||
| 653 | _aالإشتقاق | ||
| 653 | _aالدوال | ||
| 653 | _aالدوال المركبة | ||
| 653 | _aالنهايات | ||
| 942 | _cكتاب | ||
| 999 |
_c43170 _d43170 |
||